| 000 | 00514nam a2200121Ia 4500 | ||
|---|---|---|---|
| 008 | 220620s9999||||xx |||||||||||||| ||und|| | ||
| 100 | _aChuan-Fa Chang | ||
| 245 | 0 | _aCarbohydrates - Comprehensive Studies on Glycobiology and Glycotechnology | |
| 546 | _aEnglish[eng] | ||
| 650 | _aLife Sciences||Genetics and Molecular Biology||Chemical Biology||Biochemistry||Bioorganic Chemistry | ||
| 856 | _uhttps://www.intechopen.com/books/carbohydrates-comprehensive-studies-on-glycobiology-and-glycotechnology | ||
| 942 | _cEB | ||
| 999 |
_c24901 _d24901 |
||